Drag Path - Twenty One Pilots (lyrics) - Statistics

General Stats
  • This quiz has been taken 86 times
  • The average score is 171 of 231
Answer Stats
Answer % Correct
A
100%
a
100%
I
100%
i
100%
drag
98%
in
98%
path
98%
Path
98%
The
98%
the
98%
you
98%
Me
96%
me
96%
surface
96%
As
93%
as
93%
Can
93%
can
93%
Etched
93%
etched
93%
evidence
93%
Evidence
93%
on
91%
find
89%
purpose
87%
there
87%
left
85%
sad
85%
He
83%
he
83%
My
83%
my
83%
See
83%
see
83%
When
83%
when
83%
Devil’s
80%
devil’s
80%
Eyes
80%
eyes
80%
Found
76%
found
76%
to
72%
for
70%
gravel
70%
laying
70%
dug
67%
into
67%
heels
65%
unravel
65%
And
63%
look
63%
sack
63%
Spine
61%
away
59%
Down
59%
smile
59%
i’ll
57%
wide
54%
Current
50%
then
46%
Travels
46%
you’re
46%
is
43%
ad
41%
also
41%
at
41%
At
41%
but
41%
know
39%
proof
39%
I’m
37%
i’m
37%
it
35%
cause
33%
hurry
33%
Please
33%
please
33%
or
30%
would
30%
fire
28%
his
28%
maybe
28%
once
28%
three
28%
through
28%
twice
28%
we
28%
begins
26%
drowning
26%
hand
26%
least
26%
pretty
26%
rise
26%
still
26%
sun
26%
sure
26%
tried
26%
he’s
24%
darkest
22%
I’ve
22%
lost
22%
night
22%
story
22%
told
22%
again
20%
made
20%
nauseam
20%
Though
20%
Seems
17%
adversere
9%
No matching quizzes found
Score Distribution
Percent of People with Each Score
Percentile by Number Answered
Your Score History
You have not taken this quiz